Liste der häufigsten chemischen Elemente auf unserer Erde - Statistiken

Allgemein
  • Dieses Quiz wurde 481 mal gespielt
  • Das Durchschnittsergebnis liegt bei 41 aus 60
Antwortstatistiken
Menge in ppmw Gesamt % Korrekt
3,24·10^5 Sauerstoff
98%
4,94·10^5 Sauerstoff
98%
8,47·10^5 Sauerstoff
98%
2,60·10^2 Wasserstoff
95%
8,80·10^3 Wasserstoff
95%
1,08·10^5 Wasserstoff
95%
1,70·10^3 Kohlenstoff
93%
8,7·10^2 Kohlenstoff
93%
2,80·10^1 Kohlenstoff
93%
2,88·10^5 Eisen
91%
4,70·10^4 Eisen
91%
3,0·10^2 Stickstoff
87%
0,50 Stickstoff
87%
1,87·10^3 Natrium
82%
2,64·10^4 Natrium
82%
1,08·10^4 Natrium
82%
1,71·10^2 Kalium
79%
2,41·10^4 Kalium
79%
3,99·10^2 Kalium
79%
1,58·10^5 Magnesium
79%
1,94·10^4 Magnesium
79%
1,29·10^3 Magnesium
79%
1,90·10^3 Chlor
77%
1,94·10^4 Chlor
77%
1,62·10^4 Calcium
76%
3,39·10^4 Calcium
76%
4,12·10^2 Calcium
76%
4,60·10^3 Schwefel
76%
4,8·10^2 Schwefel
76%
9,05·10^2 Schwefel
76%
1,50·10^4 Aluminium
72%
7,57·10^4 Aluminium
72%
2,8·10^2 Fluor
69%
1,3 Fluor
69%
6,50·10^1 Kupfer
69%
4,4 Bor
66%
6,73·10^1 Brom
66%
0,18 Lithium
66%
6,90·10^2 Phosphor
66%
9,0·10^2 Phosphor
66%
0,06 Phosphor
66%
0,06 Iod
63%
1,71·10^5 Silicium
58%
2,58·10^5 Silicium
58%
2,2 Silicium
58%
1,39·10^3 Mangan
54%
8,5·10^2 Mangan
54%
1,69·10^4 Nickel
51%
7,64·10^2 Titan
45%
4,10·10^3 Titan
45%
0,45 Argon
43%
8,00·10^2 Cobalt
39%
4,20·10^3 Chrom
38%
2,6·10^2 Barium
33%
9,30·10^1 Vanadium
26%
4,1·10^2 Vanadium
26%
1,37·10^1 Strontium
23%
7,9 Strontium
23%
0,12 Rubidium
20%
2,1·10^2 Zirconium
8%
Keine übereinstimmenden Quizze gefunden
Verteilung der Resultate
Anzahl Personen mit jedem Resultat
Perzentil nach korrekt beantworteten Fragen
Ihre Resultats-Entwicklung
Sie haben dieses Quiz noch nicht gespielt